Before and After: Movies II Quiz Stats

Quiz Updated Oct 10, 2013

Challenge
Share
Tweet
Embed
Score 0/20 Timer 07:00
2 Plays Today
First Movie Hint Movie Title Combination % Correct
Adam Sandler pees on buildings with someone else's child.Big Daddy Day Care
85.5%
Will Smith and Kevin Kline duel an arachnoid Branagh.Wild Wild West Side Story
70.5%
After a rocky start, a hot-headed superhero quartet begins to stretch their imaginations and see their potential. Fantastic Four Christmases
66.5%
Jennifer Aniston and Owen Wilson have an adorable dog.Marley & Me, Myself & Irene
64.1%
Robert Downey, Jr. dons a mechanical suit of armor. Iron Man on Fire
59.8%
A schoolteacher moves to Siam to give lessons to royal children.The King and I, Robot
59.4%
Sarah Jessica Parker and friends learn about marriage.Sex and the City Slickers
57.1%
The most famous English author of all time falls for Gwyneth Paltrow.Shakespeare in Love Actually
52.3%
Six unemployed steel workers form a male striptease act.The Full Monty Python and the Holy Grail
52.2%
An old man reads S. Morgenstern's Classic Tale of True Love and High Adventure to his grandson Fred Savage.The Princess Bride Wars
51.4%
First Movie Hint Movie Title Combination % Correct
A man from the African rain forest is friends with a talking ape.George of the Jungle Book
47.8%
Clive Owen smuggles a pregnant woman into a refugee camp.Children of Men in Black
47.2%
In dystopian London, a teenager named Alex is conditioned to feel physically repulsed by violence.A Clockwork Orange County
46.7%
A pair of teenagers are mesmerized by a floating plastic bag.American Beauty and the Beast
42.4%
Matthew Broderick avenges his father and defends his pride.The Lion King Kong
41.2%
Kirsten Dunst must lead her team to victory over their rival African-American cheerleaders.Bring It On the Waterfront
41%
Daniel Day Lewis and Leonardo DiCaprio have a confrontation on the streets of 1860s Manhattan.Gangs of New York Minute
35.9%
Ice Cube steals money from the next-door neighbors so his uncle can pay his taxes.Next Friday the 13th
35.9%
Zach Braff tries to warn all the critters in town about an upcoming alien invasion but no one believes him.Chicken Little Shop of Horrors
35.1%
Steve Martin did not expect his online love interest to turn out to be Queen Latifah.Bringing Down the House Bunny
33.9%

You're not logged in!

Compare scores with friends on all Sporcle quizzes.
Sign Up with Email
OR
Log In

You Might Also Like...

Show Comments

Extras

Top Quizzes Today


Score Distribution

Your Account Isn't Verified!

In order to create a playlist on Sporcle, you need to verify the email address you used during registration. Go to your Sporcle Settings to finish the process.